| 000 | 02164nam a2200337 4500 | ||
|---|---|---|---|
| 001 | 113465 | ||
| 003 | DR-UNIBE | ||
| 005 | 20250428133212.0 | ||
| 008 | 250422b2024 dr ||||| |||| 00| 0 spa d | ||
| 020 | _a 9789945251128 | ||
| 040 |
_aBIBLIOTECA UNIBE _bspa _cBIBLIOTECA UNIBE _erda |
||
| 041 | _aspa | ||
| 082 |
_222 _aRD 972.9302 B972c 2024 |
||
| 100 | 1 | 0 |
_aBurset Flores, Luis Rafael, _d1959- _eautor _9144551 |
| 245 | 1 | 0 |
_aConflictos en las instituciones de poder colonial en el Caribe a través de la correspondencia del licenciado Francisco Manso de Contreras : 1590-1619 / _cLuis Rafael Burset Flores ;cuidado de edición : Área de Publicaciones AGN ; diagramación ; Rafael Rolando Delmonte Soriano ; diseño de cubierta : Juan Francisco Domínguez Novas |
| 250 | _aPrimera edición | ||
| 260 |
_aSanto Domingo : _b Archivo General de la Nación (AGN) : _bAcademia Dominicana de la Historia, _c2024 |
||
| 300 |
_a571 páginas : _btablas, mapas, figuras ; _c24 x 17 cm |
||
| 490 |
_aArchivo General de la Nación ; _v518 |
||
| 490 |
_aAcademia Dominicana de la Historia ; _v169 |
||
| 500 | _aInformacion del autor y de Francisco Manso de Contreras en las solapas | ||
| 505 | _aPrefacio | Presentación del licenciado Francisco Manso de Contreras | Las instituciones gubernativas en las Indias | Los conceptos de servicio y paz | Las cartas | Breve análisis de las cartas del licenciado Mando de Contreras | Transcripción de cartas, mercedes y documentos | Tablas | Mapas | Figuras | Bibliografía | Índice onomástico | ||
| 600 | 7 |
_a Manso de Contreras, Francisco, _d1555-1619 _9194436 _xCorrespondencia |
|
| 650 | 7 |
_2lemb _aReal Audiencia de Santo Domingo _xGobierno colonial español _9194615 |
|
| 650 | 7 |
_2lemb _a Real Audiencia de Panamá _xGobierno colonial español _9194616 |
|
| 650 | 7 |
_2lemb _a Gobierno colonial español _xHistoria _y1590-1620 _9194617 |
|
| 700 | 1 | 0 |
_aDelmonte Soriano, Rafael Rolando _9182119 _ediagramador |
| 700 | 1 | 0 |
_aDomínguez Novas, Juan Francisco _9127336 _ediseñador de cubierta |
| 710 | 1 | 0 |
_aArchivo General de la Nación (AGN) _bÁrea de publicaciones _9194325 _ecuidado de edición |
| 942 |
_2ddc _cBK |
||
| 999 |
_c113465 _d113465 |
||